000 00578nam a2200229Ia 4500
003 OSt
005 20221005124533.0
006 a|||||r|||| 00| 0
007 ta
008 221004b |||||||| |||| 00| 0 tam d
024 _a50724
037 _cTextual
040 _aCRL
_cCRL
_btam
041 _2tam
_atam
082 _aO31,6NTHA,2, l3
100 _aTamilvanan Au.
_9584161
245 0 _aNalike shaga thayara?
260 _c1973
650 _aTAMIL LITERATURE
942 _hO31,6NTHA,2, l3
_cTEXL
_2cc
999 _c1050791
_d1050791